ACF Fiorentina Squad 2025-2026 - Statistics

General Stats
  • This quiz has been taken 219 times
    76 since last reset
  • The average score is 24 of 39
Answer Stats
# Position Nation Player % Correct
43 GK Spain David de Gea
96%
20 FW Italy Moise Kean
92%
2 DF Brazil Dodô
90%
9 FW Bosnia and Herzegovina Edin Džeko
90%
19 FW Israel Manor Solomon
90%
5 DF Croatia Marin Pongračić
90%
21 DF Germany Robin Gosens
88%
10 FW Iceland Albert Guðmundsson
84%
8 MF Italy Rolando Mandragora
84%
- Coach Italy Paolo Vanoli
82%
- Coach Italy Stefano Pioli
82%
17 FW England Jack Harrison
78%
65 DF Italy Fabiano Parisi
76%
44 MF Italy Nicolò Fagioli
73%
18 DF Spain Pablo Marí
73%
15 DF Italy Pietro Comuzzo
73%
91 FW Italy Roberto Piccoli
73%
7 MF Switzerland Simon Sohm
73%
99 FW Ivory Coast Christian Kouamé
71%
6 DF Italy Luca Ranieri
71%
53 GK Denmark Oliver Christensen
71%
27 MF Italy Cher Ndour
65%
4 MF Italy Marco Brescianini
61%
11 MF Morocco Abdelhamid Sabiri
59%
24 MF Morocco Amir Richardson
59%
3 DF Italy Daniele Rugani
55%
80 MF Italy Giovanni Fabbian
55%
14 MF Italy Hans Nicolussi Caviglia
55%
30 GK Italy Tommaso Martinelli
53%
29 DF Italy Niccolò Fortini
43%
22 MF Italy Jacopo Fazzini
39%
1 GK Italy Luca Lezzerini
39%
48 DF Ghana Tariq Lamptey
35%
26 DF Italy Mattia Viti
33%
60 DF Italy Eddy Kouadio
27%
- Coach Italy Daniele Galloppa
20%
23 DF Bosnia and Herzegovina Eman Košpo
18%
62 DF Venezuela Luis Balbo
14%
61 FW Italy Riccardo Braschi
10%
No matching quizzes found
Score Distribution
Percent of People with Each Score
Percentile by Number Answered
Your Score History
You have not taken this quiz since the last reset